|
|
|
|
| LEADER |
02539nam a2200469 a 4500 |
| 001 |
EBC3444027 |
| 003 |
MiAaPQ |
| 005 |
20200520144314.0 |
| 006 |
m o d | |
| 007 |
cr cn||||||||| |
| 008 |
110803s2012 vauabf sb 001 0 eng d |
| 010 |
|
|
|z 2011032979
|
| 020 |
|
|
|z 9780813932729 (cloth : alk. paper)
|
| 020 |
|
|
|z 0813932726 (cloth : alk. paper)
|
| 020 |
|
|
|a 9780813932750 (electronic bk.)
|
| 035 |
|
|
|a (MiAaPQ)EBC3444027
|
| 035 |
|
|
|a (Au-PeEL)EBL3444027
|
| 035 |
|
|
|a (CaPaEBR)ebr10557860
|
| 035 |
|
|
|a (CaONFJC)MIL358470
|
| 035 |
|
|
|a (OCoLC)793806502
|
| 040 |
|
|
|a MiAaPQ
|c MiAaPQ
|d MiAaPQ
|
| 043 |
|
|
|a f-mz---
|a e-po---
|
| 050 |
|
4 |
|a HD4875.M85
|b A45 2012
|
| 082 |
0 |
4 |
|a 331.117309679
|2 23
|
| 100 |
1 |
|
|a Allina, Eric.
|
| 245 |
1 |
0 |
|a Slavery by any other name
|h [electronic resource] :
|b African life under company rule in colonial Mozambique /
|c Eric Allina.
|
| 260 |
|
|
|a Charlottesville :
|b University of Virginia Press,
|c 2012.
|
| 300 |
|
|
|a xiii, 255 p., [10] p. of plates :
|b ill., maps.
|
| 490 |
1 |
|
|a Reconsiderations in southern African history
|
| 504 |
|
|
|a Includes bibliographical references and index.
|
| 505 |
0 |
|
|a Ending slavery and creating empire in Africa: from the "Indelible stain" to the "light of civilization" -- From law to practice: "certain excesses of severity" -- The critiques and defenses of modern slavery: from without and within, above and below -- Mobility and tactical flight: of workers, chiefs, and villages -- Targeting chiefs: from "fictitious obedience" to "extraordinary political disorder" -- Seniority and subordination: disciplining youth and controlling women's labor -- An "absolute freedom" circumscribed and circumvented: "Employers chosen of their own free will" -- Upward mobility: "improvement of one's social condition" -- Conclusion: forced labor's legacy.
|
| 533 |
|
|
|a Electronic reproduction. Ann Arbor, MI : ProQuest, 2015. Available via World Wide Web. Access may be limited to ProQuest affiliated libraries.
|
| 610 |
2 |
0 |
|a Companhia de Mocambique
|x History.
|
| 650 |
|
0 |
|a Forced labor
|z Mozambique
|x History.
|
| 650 |
|
0 |
|a Labor policy
|z Mozambique
|x History.
|
| 651 |
|
0 |
|a Mozambique
|x History
|y 1891-1975.
|
| 651 |
|
0 |
|a Mozambique
|x Economic conditions
|y To 1975.
|
| 651 |
|
0 |
|a Portugal
|x Colonies
|z Africa
|x Administration.
|
| 655 |
|
4 |
|a Electronic books.
|
| 710 |
2 |
|
|a ProQuest (Firm)
|
| 830 |
|
0 |
|a Reconsiderations in southern African history.
|
| 856 |
4 |
0 |
|u https://ebookcentral.proquest.com/lib/matrademy/detail.action?docID=3444027
|z Click to View
|